00616nam a2200157Ia 450000500170000000800410001708200130005810000180007124500220008926000420011130000180015350001670017194200060033895200990034499900150044320250317121221.0240331s9999 xx 000 0 und d bKARa894 aKarthikesu, M 0aVazhi piranthathu aMadrasbElavazhagan pathippagamc1992 aXII, 148 p ., aIlangai malaiyaga tamilarkal - thotta tholilaalarkagal valzhaium avarkalathu pirachanaialaium unarchiyodu thiviramaga eduthukoorum padaippu vali piranthathu naval cL 001040708LaWERCLbWERCLcSSCd2024-03-31l0o 894.811 KARp5143r2024-03-31w2024-03-31yL c4006d4006